[Event "4NCL/Div4/NOTT1 vs. SUFFP"]
[Site "West Bromwich ENG"]
[Date "2006.03.18"]
[Round "7.5"]
[White "Truman, Richard G"]
[Black "Feavyour, John"]
[Result "1/2-1/2"]
[WhiteElo "2070"]
[BlackElo "2035"]
[PlyCount "96"]
[EventDate "2006.03.18"]
[EventType "team"]
[EventRounds "11"]
[EventCountry "ENG"]
[SourceDate "2005.10.25"]

1. d4 d5 2. c4 c6 3. Nf3 Nf6 4. Nc3 dxc4 5. a4 Bf5 6. Nh4 e6 7. Nxf5 exf5 8. e3
Bd6 9. Bxc4 O-O 10. Qf3 g6 11. h3 h5 12. O-O Nbd7 13. e4 Nxe4 14. Nxe4 fxe4 15.
Qxe4 Qf6 16. Re1 Nb6 17. Bb3 Rae8 18. Qxe8 Rxe8 19. Rxe8+ Kg7 20. Be3 Bb4 21.
Rd1 Nd5 22. Bxd5 cxd5 23. Rc1 Bd6 24. Rcc8 Qf5 25. Red8 Be7 26. Rg8+ Kh7 27.
Rh8+ Kg7 28. Bh6+ Kf6 29. h4 Qb1+ 30. Kh2 Bd6+ 31. g3 Qe4 32. Bg5+ Kf5 33. Rhd8
Bb4 34. Be3 Kg4 35. Re8 Qf3 36. Re5 f6 37. Ree8 Bd6 38. Rc3 Bxg3+ 39. fxg3
Qxg3+ 40. Kh1 Qxh4+ 41. Kg1 Qe1+ 42. Kh2 h4 43. Rc2 Qg3+ 44. Kh1 h3 45. Bc1
Qf3+ 46. Kh2 Qg3+ 47. Kh1 Qf3+ 48. Kh2 Qg3+ 1/2-1/2

[Event "4NCL/Div4/NOTT1 vs. SUFFP"]
[Site "West Bromwich ENG"]
[Date "2006.03.18"]
[Round "7.6"]
[White "Clapham, Michael"]
[Black "Lakhani, Kishan"]
[Result "1/2-1/2"]
[WhiteElo "2005"]
[BlackElo "2010"]
[PlyCount "52"]
[EventDate "2006.03.18"]
[EventType "team"]
[EventRounds "11"]
[EventCountry "ENG"]
[SourceDate "2005.10.25"]

1. e4 c5 2. d4 cxd4 3. c3 Nf6 4. e5 Nd5 5. cxd4 d6 6. Bc4 Nb6 7. Bb5+ Bd7 8. e6
Bxb5 9. Qh5 Qc8 10. Qxb5+ Kd8 11. Be3 fxe6 12. Nc3 Qc4 13. Qh5 Qb4 14. Nf3 Nd5
15. Bd2 Qxb2 16. Rb1 Qc2 17. Rb3 Nxc3 18. Rxc3 Qb1+ 19. Rc1 Qe4+ 20. Be3 Qf5
21. Rc8+ Kxc8 22. Qe8+ Kc7 23. O-O Nc6 24. Qxa8 g5 25. Rc1 g4 26. d5 Bg7
1/2-1/2

[Event "4NCL/Div4/MONM vs. FCA2"]
[Site "West Bromwich ENG"]
[Date "2006.03.18"]
[Round "7.1"]
[White "Varley, Peter"]
[Black "Kendall, Paul S N"]
[Result "1-0"]
[WhiteElo "2172"]
[BlackElo "2075"]
[PlyCount "57"]
[EventDate "2006.03.18"]
[EventType "team"]
[EventRounds "11"]
[EventCountry "ENG"]
[SourceDate "2005.10.25"]

1. d4 Nf6 2. c4 e6 3. Nc3 Bb4 4. e3 b6 5. Nge2 Bb7 6. a3 Be7 7. Ng3 d5 8. cxd5
Nxd5 9. e4 Nxc3 10. bxc3 Nd7 11. Bd3 c5 12. O-O Qc7 13. Qe2 O-O-O 14. Be3 h5
15. Rfb1 h4 16. Nf1 Nf6 17. f3 Nh5 18. Ba6 Kb8 19. Bxb7 Kxb7 20. a4 f5 21. a5
Ra8 22. Qc4 cxd4 23. Qxd4 Bc5 24. Qxc5 Qxc5 25. Bxc5 Kc6 26. Bd4 h3 27. g3 b5
28. exf5 exf5 29. Re1 1-0

[Event "4NCL/Div4/MONM vs. FCA2"]
[Site "West Bromwich ENG"]
[Date "2006.03.18"]
[Round "7.2"]
[White "Goldsworthy, Patrick"]
[Black "Turner, J D."]
[Result "0-1"]
[WhiteElo "2005"]
[BlackElo "2043"]
[PlyCount "92"]
[EventDate "2006.03.18"]
[EventType "team"]
[EventRounds "11"]
[EventCountry "ENG"]
[SourceDate "2005.10.25"]

1. d4 Nf6 2. c4 c5 3. Nf3 e6 4. e3 cxd4 5. exd4 Be7 6. Nc3 d5 7. Be3 O-O 8. Bd3
dxc4 9. Bxc4 Nbd7 10. O-O Nb6 11. Bb3 Nbd5 12. Ne5 a6 13. Qf3 Nxe3 14. fxe3 Rb8
15. Rad1 b5 16. d5 Qc7 17. Nc6 Rb6 18. e4 Bc5+ 19. Kh1 exd5 20. exd5 Ng4 21. g3
Ne3 22. Rde1 Nxf1 23. Rxf1 Bb7 24. Ne4 Bxc6 25. Nxc5 Ba8 26. Nd3 Rf6 27. Nf4 a5
28. a3 a4 29. Ba2 Qc2 30. Rf2 Qc1+ 31. Kg2 Kh8 32. h4 Qe1 33. h5 Qe5 34. b3 g5
35. hxg6 fxg6 36. Kg1 Bxd5 37. Qg4 Qa1+ 38. Rf1 Qd4+ 39. Kh2 Qb2+ 40. Kh3 Rxf4
41. gxf4 Qxa2 42. f5 Qxb3+ 43. Kh4 Qc4 44. Rf4 Qc2 45. f6 Qh2+ 46. Kg5 h6+ 0-1

[Event "4NCL/Div4/MONM vs. FCA2"]
[Site "West Bromwich ENG"]
[Date "2006.03.18"]
[Round "7.3"]
[White "Thomas, Jac"]
[Black "Valentine, Brian J"]
[Result "0-1"]
[WhiteElo "2020"]
[BlackElo "1990"]
[PlyCount "50"]
[EventDate "2006.03.18"]
[EventType "team"]
[EventRounds "11"]
[EventCountry "ENG"]
[SourceDate "2005.10.25"]

1. e4 Nc6 2. Bc4 Nf6 3. d3 d5 4. exd5 Nxd5 5. Nf3 e6 6. O-O Be7 7. Be3 Bf6 8.
c3 O-O 9. Nbd2 Ne5 10. Nxe5 Bxe5 11. d4 Nxe3 12. fxe3 Bd6 13. Nf3 c5 14. e4
cxd4 15. cxd4 Bd7 16. e5 Be7 17. Bd3 Bc6 18. Kh1 Qb6 19. Bc2 Rad8 20. b3 Bxf3
21. Rxf3 Qxd4 22. Qf1 Qxe5 23. Re1 Qa5 24. Rh3 g6 25. Qf4 Qxe1+ 0-1

[Event "4NCL/Div4/MONM vs. FCA2"]
[Site "West Bromwich ENG"]
[Date "2006.03.18"]
[Round "7.4"]
[White "Matthews, Adrian"]
[Black "Beveridge, Nigel K"]
[Result "1/2-1/2"]
[WhiteElo "1995"]
[BlackElo "2050"]
[PlyCount "83"]
[EventDate "2006.03.18"]
[EventType "team"]
[EventRounds "11"]
[EventCountry "ENG"]
[SourceDate "2005.10.25"]

1. e4 c6 2. d4 d5 3. exd5 cxd5 4. Bd3 Nc6 5. c3 g6 6. Bf4 Bg7 7. Nf3 Nf6 8. h3
O-O 9. O-O Nh5 10. Bh2 Bh6 11. Re1 e6 12. Nbd2 Bd7 13. Nf1 f6 14. Qc2 Ne7 15.
Bd6 Nf4 16. Bxf4 Bxf4 17. N1h2 Bh6 18. Ng4 Bg7 19. Qd2 Nf5 20. Re2 Rc8 21. Rae1
Qc7 22. Bb1 Rce8 23. Qd1 Nd6 24. Bd3 b5 25. Nd2 Nc4 26. Nb3 e5 27. Nc5 e4 28.
Bxc4 bxc4 29. b4 Bxg4 30. hxg4 Bh6 31. a4 f5 32. Rb2 e3 33. Qf3 exf2+ 34. Qxf2
fxg4 35. Rxe8 Rxe8 36. Re2 Rf8 37. Qe1 Qf7 38. Re7 Qf5 39. Qe6+ Qxe6 40. Nxe6
Rf6 41. Nc7 Kf8 42. Re2 1/2-1/2

[Event "4NCL/Div4/MONM vs. FCA2"]
[Site "West Bromwich ENG"]
[Date "2006.03.18"]
[Round "7.5"]
[White "Waterfield, John"]
[Black "Shaw, John S"]
[Result "1-0"]
[WhiteElo "2035"]
[BlackElo "1935"]
[PlyCount "69"]
[EventDate "2006.03.18"]
[EventType "team"]
[EventRounds "11"]
[EventCountry "ENG"]
[SourceDate "2005.10.25"]

1. e4 c5 2. d4 cxd4 3. c3 dxc3 4. Nxc3 Nc6 5. Nf3 e6 6. Bc4 Qc7 7. Qe2 Nf6 8.
e5 d5 9. exf6 dxc4 10. Bg5 gxf6 11. Bxf6 Rg8 12. O-O Be7 13. Nb5 Qf4 14. Be5
Nxe5 15. Nxe5 Rg5 16. Rfe1 Bb4 17. Nc7+ Kf8 18. Nxa8 Bd6 19. Qxc4 Bxe5 20.
Qxc8+ Kg7 21. Rxe5 Qxe5 22. Qxb7 Rh5 23. g3 Rf5 24. Qxa7 Qxb2 25. Rd1 Qc2 26.
Qd4+ Kg8 27. Qd2 Qc6 28. Qd8+ Kg7 29. Qd4+ Kg8 30. Nb6 h5 31. a4 h4 32. Qg4+
Kf8 33. Nd7+ Ke8 34. Qg8+ Ke7 35. Qf8# 1-0

[Event "4NCL/Div4/MONM vs. FCA2"]
[Site "West Bromwich ENG"]
[Date "2006.03.18"]
[Round "7.6"]
[White "Stenning, Marissa"]
[Black "Dodington, Russell"]
[Result "0-1"]
[WhiteElo "1725"]
[BlackElo "1699"]
[PlyCount "78"]
[EventDate "2006.03.18"]
[EventType "team"]
[EventRounds "11"]
[EventCountry "ENG"]
[SourceDate "2005.10.25"]

1. c4 e5 2. g3 Nf6 3. Bg2 Be7 4. Nc3 O-O 5. d3 c6 6. Nf3 d6 7. O-O h6 8. Rb1
Be6 9. b4 Qd7 10. a4 Bh3 11. b5 Bxg2 12. Kxg2 Qc7 13. Qb3 Nbd7 14. Bd2 Rfe8 15.
Rfc1 Bf8 16. e4 Nc5 17. Qc2 Rac8 18. Rb2 Qd7 19. Rcb1 d5 20. exd5 cxd5 21. Ne1
dxc4 22. dxc4 Qg4 23. Nd1 Ne6 24. Ne3 Nf4+ 25. Kh1 Qh3 26. gxf4 exf4 27. N3g2
f3 28. Nxf3 Qxf3 29. Be3 Re4 30. c5 Rg4 31. Rg1 h5 32. Qd1 Qxd1 33. Rxd1 Rxa4
34. Rc1 Ng4 35. Rbc2 Rb4 36. c6 Rxb5 37. Bxa7 bxc6 38. Rxc6 Rxc6 39. Rxc6 Rb1+
0-1

[Event "4NCL/Div4/CONQ vs. NOTT2"]
[Site "West Bromwich ENG"]
[Date "2006.03.18"]
[Round "7.1"]
[White "Osborne, Marcus E"]
[Black "Webster, Richard J"]
[Result "1-0"]
[WhiteElo "2230"]
[BlackElo "2020"]
[PlyCount "45"]
[EventDate "2006.03.18"]
[EventType "team"]
[EventRounds "11"]
[EventCountry "ENG"]
[SourceDate "2005.10.25"]

1. Nf3 Nf6 2. c4 g6 3. Nc3 c5 4. g3 Bg7 5. Bg2 Nc6 6. d4 cxd4 7. Nxd4 O-O 8.
O-O Nxd4 9. Qxd4 a6 10. c5 d6 11. cxd6 Ne8 12. Qh4 Nxd6 13. Rd1 Bd7 14. Nd5 f6
15. Qd4 e5 16. Qb4 Nb5 17. Nb6 Qxb6 18. Rxd7 Rad8 19. Bd5+ Kh8 20. Rxg7 Kxg7
21. Qe7+ Kh8 22. Bh6 Rg8 23. Be6 1-0

[Event "4NCL/Div4/CONQ vs. NOTT2"]
[Site "West Bromwich ENG"]
[Date "2006.03.18"]
[Round "7.2"]
[White "Harrison, John"]
[Black "Prizant, Michael"]
[Result "1/2-1/2"]
[WhiteElo "2015"]
[BlackElo "2135"]
[PlyCount "86"]
[EventDate "2006.03.18"]
[EventType "team"]
[EventRounds "11"]
[EventCountry "ENG"]
[SourceDate "2005.10.25"]

1. d4 d5 2. c4 e6 3. Nc3 c5 4. cxd5 exd5 5. Nf3 Nc6 6. Bg5 Be7 7. Bxe7 Ngxe7 8.
e3 cxd4 9. Nxd4 O-O 10. Be2 Qb6 11. Nxc6 bxc6 12. b3 Be6 13. Na4 Qb4+ 14. Qd2
Qh4 15. O-O Rfd8 16. Rfd1 Nf5 17. Bd3 Nh6 18. Nc5 Ng4 19. h3 Nf6 20. Nxe6 fxe6
21. Rac1 Rac8 22. Qa5 Rf8 23. Rd2 Rf7 24. Qc5 Rd7 25. Qd4 Qg5 26. Rdc2 e5 27.
Qa4 d4 28. Rxc6 Rcd8 29. Bc4+ Kh8 30. Be6 Re7 31. Rc8 Ree8 32. Rxd8 Rxd8 33.
Rd1 Ne4 34. Rf1 Nd2 35. Rd1 Ne4 36. Rf1 Nd2 37. Rd1 dxe3 38. fxe3 Qxe3+ 39. Kh1
Qe2 40. Bg4 Qe3 41. Qa5 Qd4 42. Bf3 h6 43. Qc7 Rf8 1/2-1/2

[Event "4NCL/Div4/CONQ vs. NOTT2"]
[Site "West Bromwich ENG"]
[Date "2006.03.18"]
[Round "7.3"]
[White "Foster, James C"]
[Black "Thompson, Brian"]
[Result "1/2-1/2"]
[WhiteElo "1950"]
[BlackElo "2030"]
[PlyCount "126"]
[EventDate "2006.03.18"]
[EventType "team"]
[EventRounds "11"]
[EventCountry "ENG"]
[SourceDate "2005.10.25"]

1. e4 c5 2. d4 cxd4 3. c3 Nf6 4. e5 Nd5 5. Bc4 Nb6 6. Bb3 e6 7. Nf3 d5 8. Nxd4
Nc6 9. Qe2 Qc7 10. Nb5 Qd8 11. Nd2 a6 12. Nd4 Nxd4 13. cxd4 Qh4 14. Nf3 Bb4+
15. Kf1 Qd8 16. Bc2 Bd7 17. a4 Rc8 18. Bg5 Qc7 19. Rc1 Nxa4 20. Bxa4 Qxc1+ 21.
Bxc1 Rxc1+ 22. Qd1 Rxd1+ 23. Bxd1 Ke7 24. Ke2 Bb5+ 25. Ke3 h6 26. Bb3 Rc8 27.
g4 Bc4 28. Rc1 Rc6 29. Bxc4 Rxc4 30. Rxc4 dxc4 31. h4 a5 32. Nd2 b5 33. Ne4 a4
34. f4 Be1 35. h5 c3 36. Kd3 cxb2 37. Kc2 a3 38. Nd6 Bc3 39. Kb1 Bxd4 40. Nxb5
Be3 41. Nxa3 Bxf4 42. Nc4 Kd7 43. Kxb2 Kc6 44. Kc2 Kd5 45. Nd6 Kxe5 46. Nxf7+
Kf6 47. Nd8 Bc7 48. Nc6 Bb6 49. Kd3 Kg5 50. Ne5 Bc7 51. Nf3+ Kxg4 52. Nd4 e5
53. Ne6 Bb6 54. Ke4 Kxh5 55. Nxg7+ Kg6 56. Kxe5 Kg5 57. Ke4 Kg4 58. Nh5 Bc5 59.
Nf6+ Kg3 60. Nh5+ Kf2 61. Kf4 Be7 62. Kg4 Bd6 63. Ng7 Ke3 1/2-1/2

[Event "4NCL/Div4/CONQ vs. NOTT2"]
[Site "West Bromwich ENG"]
[Date "2006.03.18"]
[Round "7.4"]
[White "Graham, Oliver"]
[Black "Cork, David J"]
[Result "0-1"]
[WhiteElo "1975"]
[BlackElo "1955"]
[PlyCount "144"]
[EventDate "2006.03.18"]
[EventType "team"]
[EventRounds "11"]
[EventCountry "ENG"]
[SourceDate "2005.10.25"]

1. e4 c5 2. Nf3 d6 3. d4 cxd4 4. Nxd4 Nf6 5. Nc3 g6 6. Be3 Bg7 7. Bc4 O-O 8.
Qd2 Ng4 9. Bg5 Qb6 10. Nb3 Nc6 11. Nd5 Qd8 12. c3 Nge5 13. Be2 Re8 14. O-O Bg4
15. f3 Bd7 16. Rac1 Be6 17. Rfd1 Nd7 18. Be3 Nf6 19. Bb5 Rc8 20. c4 Bd7 21. c5
Ne5 22. Nxf6+ Bxf6 23. Bxd7 Qxd7 24. f4 Ng4 25. Bd4 Qa4 26. Bxf6 Nxf6 27. cxd6
exd6 28. Rxc8 Rxc8 29. Qxd6 Nxe4 30. Qd7 Qxd7 31. Rxd7 Rc2 32. Rd4 Nc5 33. Nxc5
Rxc5 34. Rd2 b5 35. Kf2 a5 36. Ke3 f5 37. a3 Rc4 38. g3 Rc7 39. Rd5 Rb7 40. Kd4
Kf7 41. Kc5 b4 42. axb4 Rxb4 43. Rd7+ Kg8 44. Rd2 Kf7 45. Kd6 h5 46. Re2 Rb7
47. Kc6 Rb4 48. Kc5 Rb7 49. Kc4 a4 50. Kc3 Rb3+ 51. Kc2 Rb4 52. Re3 h4 53. Kb1
Kf6 54. Ka2 h3 55. Ka3 Re4 56. Rc3 Re2 57. Rc6+ Kg7 58. Rc7+ Kh6 59. Rc8 Rxh2
60. Rh8+ Kg7 61. Rh4 Rh1 62. Kxa4 h2 63. Kb5 Kf6 64. b4 Ke6 65. Rh6 Kd5 66. Kb6
Ke4 67. b5 Kf3 68. Kb7 Kg2 69. Rxg6 Rb1 70. g4 h1=Q 71. gxf5+ Kf2+ 72. Kb6 Qf1
0-1

[Event "4NCL/Div4/CONQ vs. NOTT2"]
[Site "West Bromwich ENG"]
[Date "2006.03.18"]
[Round "7.5"]
[White "Sathirathu, Vijay"]
[Black "Lakhani, Anjali"]
[Result "0-1"]
[WhiteElo "1604"]
[BlackElo "1755"]
[PlyCount "46"]
[EventDate "2006.03.18"]
[EventType "team"]
[EventRounds "11"]
[EventCountry "ENG"]
[SourceDate "2005.10.25"]

1. d4 Nf6 2. c4 e6 3. Nf3 b6 4. g3 Bb7 5. Bg2 Be7 6. Nc3 d5 7. cxd5 exd5 8. O-O
O-O 9. a3 c5 10. e3 Nc6 11. b3 a6 12. dxc5 bxc5 13. Bb2 Qd7 14. Ne2 Rfd8 15.
Rc1 Rac8 16. Qd3 h6 17. Rfd1 Na5 18. Qc3 Qb5 19. Nf4 d4 20. Qe1 Nxb3 21. Rc2
Be4 22. Bf1 Qb6 23. Rc4 Bxf3 0-1

[Event "4NCL/Div4/CONQ vs. NOTT2"]
[Site "West Bromwich ENG"]
[Date "2006.03.18"]
[Round "7.6"]
[White "Lavelle, Terry W"]
[Black "Auckland, Elliot"]
[Result "0-1"]
[WhiteElo "1815"]
[BlackElo "1670"]
[PlyCount "144"]
[EventDate "2006.03.18"]
[EventType "team"]
[EventRounds "11"]
[EventCountry "ENG"]
[SourceDate "2005.10.25"]

1. e4 Nc6 2. Nc3 Nf6 3. f4 d5 4. exd5 Nxd5 5. Nxd5 Qxd5 6. Qf3 Nb4 7. Qxd5 Nxd5
8. d4 Nb4 9. Bb5+ c6 10. Ba4 Bf5 11. a3 Nxc2+ 12. Bxc2 Bxc2 13. Nf3 O-O-O 14.
Be3 g6 15. O-O f6 16. d5 Rxd5 17. Bxa7 Ra5 18. Bd4 Bg7 19. b4 Rd5 20. a4 Be4
21. Bc5 f5 22. Rac1 Bxf3 23. Rxf3 Bd4+ 24. Bxd4 Rxd4 25. b5 Rxa4 26. bxc6 bxc6
27. Rxc6+ Kd7 28. Rcc3 Rb8 29. Rc2 Rbb4 30. g3 Rc4 31. Rd2+ Rd4 32. Rb2 Rab4
33. Ra2 Ke6 34. Kf2 Re4 35. Kg2 Rb7 36. Kh3 Kf7 37. Rd3 h6 38. Kg2 g5 39. fxg5
hxg5 40. h3 e6 41. Rf3 Kg6 42. Rc3 Reb4 43. Kf3 Rb3 44. Rac2 Rxc3+ 45. Rxc3 Rh7
46. Rc6 Kf6 47. Kg2 Rd7 48. Rc2 Rd6 49. Rf2 e5 50. Ra2 e4 51. Kf2 Rd3 52. Ra4
Kg7 53. Ra5 Rf3+ 54. Kg2 Kg6 55. Re5 Kf6 56. Re8 Rb3 57. Kf2 Rb2+ 58. Ke3 Kf7
59. Re5 Rb3+ 60. Kf2 Kf6 61. Re8 Rb5 62. Rf8+ Kg7 63. Re8 Kf7 64. Rh8 Rb2+ 65.
Ke3 Rg2 66. g4 Rg3+ 67. Ke2 f4 68. Rh5 Kg6 69. Rh8 e3 70. Re8 Rxh3 71. Re6+ Kf7
72. Re5 Kf6 0-1

[Event "4NCL/Div4/SLOS4 vs. KTP"]
[Site "West Bromwich ENG"]
[Date "2006.03.18"]
[Round "7.1"]
[White "Cox, Tristan"]
[Black "Carpenter, Dai"]
[Result "1-0"]
[WhiteElo "2095"]
[BlackElo "1900"]
[PlyCount "71"]
[EventDate "2006.03.18"]
[EventType "team"]
[EventRounds "11"]
[EventCountry "ENG"]
[SourceDate "2005.10.25"]

1. Nf3 g6 2. c4 Bg7 3. g3 d6 4. d4 Nd7 5. Bg2 e5 6. Nc3 Ne7 7. O-O O-O 8. e4
Nb6 9. dxe5 Nxc4 10. Qb3 Nxe5 11. Nxe5 Bxe5 12. Bh6 Be6 13. Qc2 Re8 14. Rad1
Bc4 15. Rfe1 c5 16. Qa4 b5 17. Nxb5 Bxb5 18. Qxb5 Rb8 19. Qa4 a5 20. b3 Rb4 21.
Qa3 Nc6 22. Qc1 a4 23. f4 Bd4+ 24. Kh1 axb3 25. axb3 Na5 26. f5 Nxb3 27. Qf4
Be5 28. Qg4 c4 29. h4 Kh8 30. h5 gxh5 31. Qxh5 Bxg3 32. Bg5 f6 33. Bh6 Bxe1 34.
Rxd6 Qb8 35. Qf7 Rb7 36. Bg7# 1-0

[Event "4NCL/Div4/SLOS4 vs. KTP"]
[Site "West Bromwich ENG"]
[Date "2006.03.18"]
[Round "7.2"]
[White "Harley Yeo, Gareth"]
[Black "Edgell, Ben P"]
[Result "1/2-1/2"]
[WhiteElo "1836"]
[BlackElo "2095"]
[PlyCount "81"]
[EventDate "2006.03.18"]
[EventType "team"]
[EventRounds "11"]
[EventCountry "ENG"]
[SourceDate "2005.10.25"]

1. d4 Nf6 2. c4 e6 3. Nc3 Bb4 4. e3 b6 5. Nge2 Bb7 6. a3 Be7 7. f3 d6 8. e4
Nbd7 9. Ng3 O-O 10. Be2 c5 11. d5 Re8 12. O-O a6 13. a4 Nf8 14. f4 exd5 15.
cxd5 Ng6 16. Qc2 Bc8 17. h3 Nd7 18. Nf5 Ndf8 19. g3 Bf6 20. Bg4 Ne7 21. Ne3 Rb8
22. Qd3 Bd4 23. Kg2 Bxe3 24. Bxe3 Nd7 25. Rae1 Ng6 26. Bf3 b5 27. axb5 axb5 28.
h4 Nf6 29. h5 Nf8 30. Rh1 Bg4 31. Bf2 b4 32. Nd1 Bxf3+ 33. Kxf3 Qc8 34. b3 Qg4+
35. Kg2 Nxh5 36. Qd2 Nf6 37. Rh4 Qd7 38. e5 dxe5 39. fxe5 Qxd5+ 40. Qxd5 Nxd5
41. Bxc5 1/2-1/2

[Event "4NCL/Div4/SLOS4 vs. KTP"]
[Site "West Bromwich ENG"]
[Date "2006.03.18"]
[Round "7.3"]
[White "Sparkes, Daniel A"]
[Black "Healey, Michael"]
[Result "0-1"]
[WhiteElo "2030"]
[BlackElo "1900"]
[PlyCount "42"]
[EventDate "2006.03.18"]
[EventType "team"]
[EventRounds "11"]
[EventCountry "ENG"]
[SourceDate "2005.10.25"]

1. e4 e5 2. Nf3 Nc6 3. Bb5 a6 4. Ba4 Nf6 5. O-O Be7 6. Re1 b5 7. Bb3 O-O 8. h3
d6 9. c3 Bb7 10. d4 Na5 11. Bc2 c5 12. dxe5 dxe5 13. Qxd8 Raxd8 14. Nxe5 Nxe4
15. a4 b4 16. f3 Bh4 17. Rxe4 Bxe4 18. fxe4 Bg3 19. cxb4 cxb4 20. Bd2 b3 21.
Bd1 Bxe5 0-1

[Event "4NCL/Div4/SLOS4 vs. KTP"]
[Site "West Bromwich ENG"]
[Date "2006.03.18"]
[Round "7.4"]
[White "Davies, Matthew"]
[Black "Coates, David"]
[Result "1/2-1/2"]
[WhiteElo "1855"]
[BlackElo "2025"]
[PlyCount "107"]
[EventDate "2006.03.18"]
[EventType "team"]
[EventRounds "11"]
[EventCountry "ENG"]
[SourceDate "2005.10.25"]

1. d4 Nf6 2. c4 g6 3. Nc3 Bg7 4. e4 d6 5. Nf3 O-O 6. Be2 e5 7. O-O Na6 8. Be3
Ng4 9. Bg5 Qe8 10. d5 f5 11. Nd2 Nf6 12. f3 f4 13. a3 h6 14. Bh4 g5 15. Bf2 h5
16. b4 g4 17. c5 Qg6 18. Qe1 Nh7 19. Rc1 Bh6 20. cxd6 cxd6 21. Rc2 Ng5 22. Kh1
Nc7 23. Nb5 Nxd5 24. Bc4 Be6 25. exd5 Qxc2 26. dxe6 Kh8 27. Qd1 Qxd1 28. Rxd1
gxf3 29. Nxf3 Ne4 30. Bh4 Rac8 31. Bd3 Nc3 32. Nxc3 Rxc3 33. e7 Rg8 34. Bg6
Rcc8 35. Kg1 Rxg6 36. Nd2 d5 37. Nf3 e4 38. Ne5 Rgg8 39. Nf7+ Kh7 40. Nd6 Rc2
41. g3 fxg3 42. hxg3 e3 43. e8=Q Rxe8 44. Nxe8 Rd2 45. Re1 Kg6 46. Nd6 b6 47.
Nc8 Kf5 48. Nd6+ Kg4 49. Bf6 Kh3 50. Nf5 Rg2+ 51. Kh1 Rh2+ 52. Kg1 Rg2+ 53. Kh1
Rh2+ 54. Kg1 1/2-1/2

[Event "4NCL/Div4/SLOS4 vs. KTP"]
[Site "West Bromwich ENG"]
[Date "2006.03.18"]
[Round "7.5"]
[White "Makepeace, Philip J"]
[Black "Smith, Stuart"]
[Result "1-0"]
[WhiteElo "2050"]
[BlackElo "1805"]
[PlyCount "69"]
[EventDate "2006.03.18"]
[EventType "team"]
[EventRounds "11"]
[EventCountry "ENG"]
[SourceDate "2005.10.25"]

1. e4 e5 2. Nf3 Nc6 3. d4 exd4 4. Nxd4 Nxd4 5. Qxd4 Qe7 6. Nc3 Qc5 7. Qxc5 Bxc5
8. Bf4 c6 9. e5 Ne7 10. Ne4 Ng6 11. Bg3 Bd4 12. Nd6+ Kf8 13. O-O-O Bxe5 14.
Bxe5 Nxe5 15. Re1 f6 16. f4 Ke7 17. fxe5 fxe5 18. Nxc8+ Raxc8 19. Rxe5+ Kd6 20.
Re3 Rcf8 21. Bd3 Rf6 22. Rg3 g6 23. h4 Kd5 24. h5 Rg8 25. hxg6 hxg6 26. Rg5+
Kd6 27. Rh6 Rgf8 28. Rhxg6 Rxg6 29. Rxg6+ Ke7 30. g4 Rf6 31. Rxf6 Kxf6 32. Bf5
d5 33. Kd2 b5 34. Bd7 Kg5 35. Bxc6 1-0

[Event "4NCL/Div4/SLOS4 vs. KTP"]
[Site "West Bromwich ENG"]
[Date "2006.03.18"]
[Round "7.6"]
[White "Parry, Matthew"]
[Black "Winchcombe, Andrew"]
[Result "0-1"]
[WhiteElo "1677"]
[BlackElo "1870"]
[PlyCount "76"]
[EventDate "2006.03.18"]
[EventType "team"]
[EventRounds "11"]
[EventCountry "ENG"]
[SourceDate "2005.10.25"]

1. d4 Nf6 2. Nf3 g6 3. e3 Bg7 4. c3 d5 5. Nbd2 O-O 6. Bd3 Nbd7 7. O-O Re8 8. e4
e5 9. Re1 dxe4 10. Nxe4 exd4 11. Nxf6+ Nxf6 12. Rxe8+ Qxe8 13. Nxd4 a6 14. Bf4
c5 15. Nf3 Be6 16. Ne5 Nh5 17. Qf3 Nxf4 18. Qxf4 Qb8 19. Re1 Bxe5 20. Qxe5 Qxe5
21. Rxe5 Rd8 22. Bf1 Rd1 23. Rxc5 Bf5 24. Rxf5 gxf5 25. g3 Ra1 26. b4 Rxa2 27.
c4 a5 28. bxa5 Rxa5 29. Bg2 b6 30. Bd5 Rc5 31. Kf1 b5 32. Ke2 bxc4 33. Bf3 c3
34. Kd1 Kg7 35. Kc2 Kf6 36. Bd1 Ke5 37. Kd3 Rd5+ 38. Kc2 Rd2+ 0-1

[Event "4NCL/Div4/GUI5 vs. OXF3"]
[Site "West Bromwich ENG"]
[Date "2006.03.18"]
[Round "7.1"]
[White "Smart, Michael R"]
[Black "Smith, Jonathan"]
[Result "1-0"]
[WhiteElo "2070"]
[BlackElo "1935"]
[PlyCount "67"]
[EventDate "2006.03.18"]
[EventType "team"]
[EventRounds "11"]
[EventCountry "ENG"]
[SourceDate "2005.10.25"]

1. e4 c5 2. Nf3 e6 3. Nc3 Nc6 4. d4 cxd4 5. Nxd4 Nf6 6. Ndb5 d6 7. Bf4 e5 8.
Bg5 a6 9. Na3 b5 10. Bxf6 gxf6 11. Nd5 Bg7 12. c3 Ne7 13. Nc2 f5 14. Nxe7 Qxe7
15. exf5 Bxf5 16. Qf3 Bxc2 17. Qxa8+ Qd8 18. Qc6+ Qd7 19. Qxa6 O-O 20. Qxb5 Qf5
21. Be2 Qe4 22. O-O Bh6 23. Qc4 Qb7 24. Bd3 Qxb2 25. Bxc2 Qxc2 26. Rad1 Qg6 27.
Qd3 e4 28. Qxd6 Qh5 29. Rd5 f5 30. g3 Qh3 31. Qe6+ Kh8 32. Rd7 Qh5 33. Qe7 Qg6
34. Rd8 1-0

[Event "4NCL/Div4/GUI5 vs. OXF3"]
[Site "West Bromwich ENG"]
[Date "2006.03.18"]
[Round "7.2"]
[White "Zhang, Marco"]
[Black "Hill, David F"]
[Result "0-1"]
[WhiteElo "1915"]
[BlackElo "2070"]
[PlyCount "76"]
[EventDate "2006.03.18"]
[EventType "team"]
[EventRounds "11"]
[EventCountry "ENG"]
[SourceDate "2005.10.25"]

1. e4 c5 2. d4 cxd4 3. c3 e6 4. Nf3 Nc6 5. a3 Nge7 6. cxd4 d5 7. e5 Nf5 8. Be3
Be7 9. Qd2 Bd7 10. Bd3 Na5 11. Qe2 Nxe3 12. Qxe3 Nb3 13. Ra2 Rc8 14. O-O Qb6
15. Nc3 h6 16. Bc2 Na5 17. Bd3 Nc4 18. Bxc4 Rxc4 19. b4 O-O 20. Rc1 Rfc8 21.
Raa1 a5 22. Na2 axb4 23. Nxb4 Rxc1+ 24. Rxc1 Rxc1+ 25. Qxc1 Bxb4 26. axb4 Qxb4
27. Qa1 Ba4 28. h4 b5 29. Kf1 Bc2 30. Ke2 Qc4+ 31. Ke1 Bd3 32. Nd2 Qc2 33. Qa3
b4 34. Qb3 Qc1+ 35. Qd1 Qc3 36. Qb3 Qa1+ 37. Qd1 Qxd4 38. Nf3 Qe4+ 0-1

[Event "4NCL/Div4/GUI5 vs. OXF3"]
[Site "West Bromwich ENG"]
[Date "2006.03.18"]
[Round "7.3"]
[White "Chai, Wei Koong"]
[Black "Hadi, Justin"]
[Result "1-0"]
[WhiteElo "1955"]
[BlackElo "1895"]
[PlyCount "83"]
[EventDate "2006.03.18"]
[EventType "team"]
[EventRounds "11"]
[EventCountry "ENG"]
[SourceDate "2005.10.25"]

1. e4 c5 2. Nf3 Nc6 3. d4 cxd4 4. Nxd4 Nf6 5. Nc3 e5 6. Ndb5 d6 7. Bg5 a6 8.
Na3 b5 9. Nd5 Be7 10. Bxf6 Bxf6 11. c3 Bg5 12. Be2 Be6 13. O-O O-O 14. Nc2 g6
15. a4 bxa4 16. Rxa4 a5 17. Bc4 Rb8 18. Ra2 Kh8 19. Nde3 Qd7 20. Bd5 Bxd5 21.
Qxd5 f5 22. Nc4 Be7 23. Rd1 fxe4 24. Nxd6 Bxd6 25. Qxd6 Qf5 26. Rf1 Rf6 27. Qd2
Rd8 28. Qe2 Qf4 29. Ne3 Rfd6 30. Qc4 Qf8 31. Qxe4 Rf6 32. Nd5 Rfd6 33. c4 Qg7
34. b3 Qb7 35. Rb1 Qf7 36. h3 Qf5 37. Re2 Rf8 38. Rbe1 Re8 39. Nc7 Nd4 40. Qxf5
Nxe2+ 41. Rxe2 gxf5 42. Nxe8 1-0

[Event "4NCL/Div4/GUI5 vs. OXF3"]
[Site "West Bromwich ENG"]
[Date "2006.03.18"]
[Round "7.4"]
[White "Cooke, Jennifer"]
[Black "Shaw, Matthew"]
[Result "0-1"]
[WhiteElo "1845"]
[BlackElo "1815"]
[PlyCount "82"]
[EventDate "2006.03.18"]
[EventType "team"]
[EventRounds "11"]
[EventCountry "ENG"]
[SourceDate "2005.10.25"]

1. d4 Nf6 2. c4 g6 3. Nc3 Bg7 4. Nf3 O-O 5. Bg5 d6 6. h3 c5 7. d5 e6 8. Qd2 Qa5
9. Nb5 Qxd2+ 10. Nxd2 Na6 11. Bxf6 Bxf6 12. Nxd6 exd5 13. Nxc8 Raxc8 14. Rb1
dxc4 15. Nxc4 Rfd8 16. a3 b5 17. Nd2 c4 18. Ne4 Be5 19. e3 Nc5 20. Nxc5 Rxc5
21. Be2 Rcd5 22. O-O Rd2 23. Rfd1 Bxb2 24. Rxb2 Rxd1+ 25. Bxd1 Rxd1+ 26. Kh2 c3
27. Rc2 Rd3 28. Kg3 a5 29. Kf3 b4 30. axb4 axb4 31. Ke2 Rd7 32. g4 f5 33. f3
Kf7 34. e4 fxe4 35. fxe4 Ke6 36. Ke3 Rd2 37. Rxd2 cxd2 38. Kxd2 Ke5 39. Kd3 g5
40. Kc4 Kxe4 41. Kxb4 Kf4 0-1